|
|
|
|
| LEADER |
00991nam a2200361 4500 |
| 001 |
DLU080061923 |
| 005 |
##20080110 |
| 008 |
##040616s2004 enka e 001 0 eng d |
| 010 |
# |
# |
|a 2006462936
|
| 015 |
# |
# |
|a GBA444633
|2 bnb
|
| 016 |
# |
# |
|a 012936536
|2 Uk
|
| 020 |
# |
# |
|a 0452286824
|
| 035 |
# |
# |
|a (OCoLC)ocm56648549
|
| 040 |
# |
# |
|a DLC
|c DLU
|d DLU
|
| 050 |
# |
# |
|a HF5386
|b .B954 2004
|
| 082 |
# |
# |
|a 650.1
|b BU-T
|
| 100 |
# |
# |
|a Buzan, Tony.
|
| 245 |
# |
# |
|a Mind maps at work :
|b how to be the best at your job and still have time to play /
|c Tony Buzan.
|
| 260 |
# |
# |
|a London :
|b Thorsons,
|c 2004.
|
| 300 |
# |
# |
|a xii, 241 p. :
|b ill. ;
|c 24 cm.
|
| 500 |
# |
# |
|a Includes index.
|
| 650 |
# |
# |
|a Creative ability in business.
|
| 650 |
# |
# |
|a Success in business.
|
| 650 |
# |
# |
|a Thought and thinking.
|
| 992 |
# |
# |
|a 412000
|
| 994 |
# |
# |
|a DLU
|
| 900 |
# |
# |
|a True
|
| 911 |
# |
# |
|a Nguyễn Thanh Hương
|
| 925 |
# |
# |
|a G
|
| 926 |
# |
# |
|a A
|
| 927 |
# |
# |
|a SH
|
| 980 |
# |
# |
|a Thư viện Trường Đại học Đà Lạt
|